Central Library OPAC University of Rajshahi

China & the world (2) / (Record no. 26093)

MARC details
000 -LEADER
fixed length control field 01291cam a2200373 a 4500
001 - CONTROL NUMBER
control field 26093
003 - CONTROL NUMBER IDENTIFIER
rucl marc code BD-RjUL
005 - DATE AND TIME OF LATEST TRANSACTION
control field 20211209050954.0
008 - FIXED-LENGTH DATA ELEMENTS--GENERAL INFORMATION
fixed length control field 140320s1982 cc uu 0 a0eng d
035 ## - SYSTEM CONTROL NUMBER
System control number BD-RjUL)26163
040 ## - CATALOGING SOURCE
Original cataloging agency MH
Language of cataloging eng
Transcribing agency MH
Modifying agency DLC
-- NST
-- InU
-- NST
-- InU
-- NST
-- GU
-- NLGGC
-- HEBIS
-- GBVCP
-- UKMGB
-- OCoLC
-- BD-RjUL
041 ## - LANGUAGE CODE
Language code of text/sound track or separate title eng
082 04 - DEWEY DECIMAL CLASSIFICATION NUMBER
Classification number 327.51
Edition number 19
Author mark and year CHI 1982
245 00 - TITLE STATEMENT
Title China & the world (2) /
246 18 - VARYING FORM OF TITLE
Title proper/short title China and the world
260 ## - PUBLICATION, DISTRIBUTION, ETC. (IMPRINT)
Place of publication, distribution, etc. Beijing, China :
Name of publisher, distributor, etc. Beijing review,
Date of publication, distribution, etc. 1982-
300 ## - PHYSICAL DESCRIPTION
Pagination 123p. ;
Size 19 cm.
490 #0 - SERIES STATEMENT
Series statement Beijing review foreign affairs series
650 17 - SUBJECT ADDED ENTRY--TOPICAL TERM
Topical term or geographic name as entry element Internationale betrekkingen.
Source of heading or term gtt
9 (RLIN) 80182
Topical term or geographic name as entry element Economische samenwerking.
Source of heading or term gtt
9 (RLIN) 80183
Topical term or geographic name as entry element Politieke onafhankelijkheid.
Source of heading or term gtt
9 (RLIN) 80184
Topical term or geographic name as entry element Hegemonie.
Source of heading or term gtt
9 (RLIN) 80185
Topical term or geographic name as entry element Vrede.
Source of heading or term gtt
9 (RLIN) 80186
Topical term or geographic name as entry element Graanhandel.
Source of heading or term gtt
9 (RLIN) 80187
Topical term or geographic name as entry element Koude Oorlog.
Source of heading or term gtt
9 (RLIN) 80188
Topical term or geographic name as entry element Oost-Westverhouding.
Source of heading or term gtt
9 (RLIN) 80189
Topical term or geographic name as entry element Chinese Communistische Partij.
Source of heading or term gtt
9 (RLIN) 80190
651 #0 - SUBJECT ADDED ENTRY--GEOGRAPHIC NAME
Geographic name China
General subdivision Foreign relations
Chronological subdivision 1976-
9 (RLIN) 80191
776 08 - ADDITIONAL PHYSICAL FORM ENTRY
Relationship information Online version:
Title China & the world
Record control number (OCoLC)646905981
830 #0 - SERIES ADDED ENTRY--UNIFORM TITLE
Uniform title Beijing review foreign affairs series.
942 ## - ADDED ENTRY ELEMENTS (KOHA)
Source of classification or shelving scheme Dewey Decimal Classification
Koha item type Books
Holdings
Lost status Source of classification or shelving scheme Damaged status Not for loan Collection code Permanent Location Current Location Shelving location Date acquired Source of acquisition Total Checkouts Full call number Date last seen Copy number Koha item type
  Dewey Decimal Classification     Non-fiction Central Library, University of Rajshahi Central Library, University of Rajshahi   24/10/1984 China Emban Gift   327.51 CHI 1982 20/03/2014 C-3 Books
  Dewey Decimal Classification     Non-fiction Central Library, University of Rajshahi Central Library, University of Rajshahi   24/10/1984 China Emban Gift   327.51 CHI 1982 20/03/2014 C-2 Books
  Dewey Decimal Classification     Non-fiction Central Library, University of Rajshahi Central Library, University of Rajshahi   24/10/1984 China Emban Gift   327.51 CHI 1982 20/03/2014 C-5 Books
  Dewey Decimal Classification   Added to bundle Non-fiction Central Library, University of Rajshahi Central Library, University of Rajshahi Reading Room 24/10/1984 China Emban Gift   327.51 CHI 1982 20/03/2014 C-1 Books
  Dewey Decimal Classification     Non-fiction Central Library, University of Rajshahi Central Library, University of Rajshahi   24/10/1984 China Emban Gift   327.51 CHI 1982 20/03/2014 C-4 Books